[Event "ICS rated blitz match"]
[Site "204.178.125.65"]
[Date "2000.10.12"]
[Round "?"]
[White "sekere"]
[Black "Hossa"]
[Result "0-1"]
[WhiteElo "2179"]
[BlackElo "2511"]
[PlyCount "72"]
[EventDate "2000.??.??"]

1. e4 e5 2. Nf3 Nc6 3. Bb5 a6 4. Ba4 Nf6 5. O-O Be7 6. Re1 b5 7. Bb3 d6 8. c3
O-O 9. h3 Na5 10. Bc2 c5 11. d4 Qc7 12. Nbd2 Nc6 13. Nf1 cxd4 14. cxd4 exd4 15.
Ng3 Be6 16. a3 Nd7 17. Bd2 Nde5 18. Rc1 Nc4 19. Qe2 Nxb2 20. Bd3 Bc4 21. Bxc4
bxc4 22. Nf5 Bf6 23. Bg5 d3 24. Qe3 Qd8 25. Bxf6 Qxf6 26. g4 Rab8 27. g5 Qe6
28. Kh1 Rfd8 29. Rg1 d5 30. Rg4 dxe4 31. Nh6+ gxh6 32. gxh6+ Kf8 33. Ng5 Qxh6
34. Rcg1 d2 35. Qc5+ Ne7 36. Nxe4 Qxh3# {sekere checkmated} 0-1

[Event "ICS rated blitz match"]
[Site "204.178.125.65"]
[Date "2000.10.12"]
[Round "?"]
[White "Hossa"]
[Black "SwampBaby"]
[Result "1-0"]
[WhiteElo "2515"]
[BlackElo "2083"]
[PlyCount "75"]
[EventDate "2000.??.??"]

1. e4 c5 2. Nf3 g6 3. d4 cxd4 4. Nxd4 Bg7 5. c4 Nc6 6. Nxc6 bxc6 7. Bd3 d6 8.
O-O Nf6 9. Nc3 O-O 10. Rb1 Be6 11. Bg5 Nd7 12. Be2 Rb8 13. Qc1 Re8 14. Bh6 Bh8
15. Qd2 Qc7 16. Nd5 cxd5 17. cxd5 Bxd5 18. exd5 Rec8 19. Rfc1 Qb7 20. b3 Nb6
21. Bf3 Rxc1+ 22. Rxc1 Rc8 23. Rc6 Rxc6 24. dxc6 Qc7 25. a4 e6 26. a5 Nc8 27.
Qb4 Be5 28. g3 Bg7 29. Qb7 Qd8 30. c7 Qf8 31. Bxg7 Kxg7 32. Bc6 d5 33. Bd7 Nd6
34. Qxa7 Qe7 35. Qd4+ f6 36. a6 Qxd7 37. a7 Qc8 38. Qc5 {SwampBaby resigns} 1-0

[Event "ICS rated blitz match"]
[Site "204.178.125.65"]
[Date "2000.10.12"]
[Round "?"]
[White "SwampBaby"]
[Black "Hossa"]
[Result "0-1"]
[WhiteElo "2081"]
[BlackElo "2517"]
[PlyCount "84"]
[EventDate "2000.??.??"]

1. c4 e5 2. e3 Nf6 3. a3 g6 4. b4 a5 5. b5 d5 6. Bb2 d4 7. f4 Bg4 8. Be2 Bxe2
9. Qxe2 d3 10. Qf1 e4 11. f5 Be7 12. Nh3 Nbd7 13. Nc3 O-O 14. Nf4 Nb6 15. Ncd5
Nfxd5 16. Nxd5 Bh4+ 17. g3 Nxc4 18. Bc3 Qxd5 19. gxh4 Qxb5 20. Rg1 Qb3 21. Qf4
Nxa3 22. Qh6 Nc2+ 23. Kf2 Qxc3 24. dxc3 Ra6 25. Ra2 Re8 26. h5 b5 27. hxg6 fxg6
28. fxg6 Rf8+ 29. Qxf8+ Kxf8 30. gxh7 Rf6+ 31. Kg2 Rh6 32. Rxa5 Rxh7 33. Rxb5
Nxe3+ 34. Kf2 Nc2 35. Rgg5 Rxh2+ 36. Kg3 Rh7 37. Rb8+ Kf7 38. Rc5 Ke6 39. Rc8
d2 40. Rd8 e3 41. Rc4 Rd7 42. Re4+ Kd6 {SwampBaby resigns} 0-1

[Event "ICS rated blitz match"]
[Site "204.178.125.65"]
[Date "2000.10.12"]
[Round "?"]
[White "Hossa"]
[Black "SwampBaby"]
[Result "1-0"]
[WhiteElo "2519"]
[BlackElo "2079"]
[PlyCount "37"]
[EventDate "2000.??.??"]

1. e4 e6 2. d4 d5 3. Nc3 Bb4 4. e5 c5 5. a3 Bxc3+ 6. bxc3 Ne7 7. Qg4 Kf8 8. Bd3
Qa5 9. Bd2 Bd7 10. Nf3 Qa4 11. Ra2 Nbc6 12. O-O c4 13. Be2 Nd8 14. Rb1 Qa5 15.
Bg5 Nec6 16. Bd1 Qc7 17. Rba1 Ne7 18. Bxe7+ Kxe7 19. Qxg7 {SwampBaby resigns}
1-0

[Event "ICS rated blitz match"]
[Site "204.178.125.65"]
[Date "2000.10.12"]
[Round "?"]
[White "SwampBaby"]
[Black "Hossa"]
[Result "0-1"]
[WhiteElo "2077"]
[BlackElo "2521"]
[PlyCount "80"]
[EventDate "2000.??.??"]

1. d3 e5 2. c4 Bc5 3. a3 Nf6 4. e3 d5 5. b4 Be7 6. cxd5 Nxd5 7. Bb2 Bf6 8. Qc2
O-O 9. Nf3 a5 10. b5 Re8 11. Be2 e4 12. dxe4 Bxb2 13. Qxb2 Rxe4 14. O-O Re8 15.
Rd1 Qf6 16. Qxf6 Nxf6 17. Nc3 Be6 18. Nd4 Nbd7 19. Rac1 Red8 20. Bf3 Nc5 21.
Nce2 Nfd7 22. Nf4 Rab8 23. Ndxe6 fxe6 24. h4 b6 25. Bc6 Ne5 26. Rxd8+ Rxd8 27.
Rxc5 bxc5 28. Nxe6 Nxc6 29. Nxd8 Nxd8 30. Kf1 Nb7 31. Ke2 a4 32. Kd3 Nd6 33. e4
Nxb5 34. Kc4 Nxa3+ 35. Kxc5 Nb5 36. Kb4 a3 37. Kb3 c5 38. f4 c4+ 39. Ka2 c3 40.
e5 c2 {SwampBaby resigns} 0-1

[Event "ICS rated blitz match"]
[Site "204.178.125.65"]
[Date "2000.10.12"]
[Round "?"]
[White "Hossa"]
[Black "SwampBaby"]
[Result "1-0"]
[WhiteElo "2523"]
[BlackElo "2075"]
[PlyCount "93"]
[EventDate "2000.??.??"]

1. e4 c6 2. d4 d5 3. Nc3 dxe4 4. Nxe4 h6 5. Nf3 Bf5 6. Bd3 e6 7. Qe2 Nd7 8. c3
Be7 9. Bf4 Ndf6 10. Nxf6+ Nxf6 11. Bxf5 exf5 12. O-O O-O 13. Nh4 Nd5 14. Nxf5
Nxf4 15. Nxe7+ Kh8 16. Qe4 Re8 17. Qxf4 Qxe7 18. b3 Rad8 19. a3 f6 20. Qf5 Qf7
21. Rab1 Re2 22. Rfd1 Rde8 23. h3 Ra2 24. Qc5 Ree2 25. Rf1 Qg6 26. Qxa7 Rxf2
27. Rxf2 Qxb1+ 28. Rf1 Qc2 29. Qb8+ Kh7 30. Qg3 Rxa3 31. Re1 Rxb3 32. Re7 Qg6
33. Qf3 Rb5 34. Kh2 Rf5 35. Qe2 Rb5 36. Qf3 h5 37. c4 Rb2 38. d5 cxd5 39. cxd5
b5 40. d6 Rd2 41. Rb7 Rxd6 42. Rxb5 f5 43. Rxf5 Rd2 44. Rxh5+ Kg8 45. Qb3+ Kf8
46. Rh8+ Ke7 47. Qe3+ {SwampBaby resigns} 1-0

[Event "ICS rated standard match"]
[Site "204.178.125.65"]
[Date "2000.10.12"]
[Round "?"]
[White "kingkiller2"]
[Black "Hossa"]
[Result "0-1"]
[WhiteElo "2180"]
[BlackElo "2369"]
[PlyCount "51"]
[EventDate "2000.??.??"]

1. e4 e5 2. Nf3 Nc6 3. c4 Bc5 4. d3 Nf6 5. Be2 d6 6. h3 O-O 7. Nc3 a6 8. Bg5 h6
9. Be3 Nd4 10. O-O Bd7 11. a3 b5 12. b4 Nxf3+ 13. Bxf3 Bxe3 14. fxe3 bxc4 15.
d4 Qe7 16. Qe2 d5 17. exd5 e4 18. Bh5 Qd6 19. Rxf6 Qxf6 20. Nxe4 Qh4 21. Bf3
Rae8 22. Nc5 Bc8 23. e4 f5 24. e5 Qxd4+ 25. Kh1 Qxa1+ 26. Kh2 {
kingkiller2 resigns} 0-1

[Event "ICS rated blitz match"]
[Site "204.178.125.65"]
[Date "2000.10.12"]
[Round "?"]
[White "kokomo"]
[Black "Hossa"]
[Result "0-1"]
[WhiteElo "1926"]
[BlackElo "2525"]
[PlyCount "90"]
[EventDate "2000.??.??"]

1. d4 d5 2. Nf3 Nf6 3. Bf4 Bf5 4. e3 e6 5. h3 Nc6 6. Bd3 Bxd3 7. Qxd3 Bd6 8.
Bxd6 Qxd6 9. c3 O-O 10. Nbd2 e5 11. dxe5 Nxe5 12. Nxe5 Qxe5 13. Nf3 Qe6 14. O-O
Ne4 15. Nd4 Qe5 16. Rad1 c6 17. c4 Rfd8 18. b3 Rac8 19. Nf3 Qb2 20. cxd5 cxd5
21. Qd4 Qxa2 22. Ra1 Qxb3 23. Rxa7 Ra8 24. Rfa1 Rxa7 25. Qxa7 Rc8 26. Nd4 Qb2
27. Rf1 Nc3 28. Qa5 Kh8 29. Nf5 Ne2+ 30. Kh1 Qe5 31. Nd4 Nxd4 32. exd4 Qxd4 33.
Qb5 b6 34. Qd7 Rf8 35. Kg1 f5 36. Rb1 h6 37. Rb5 Qa1+ 38. Kh2 Qe5+ 39. Kg1 Qe1+
40. Kh2 Qxf2 41. Rxd5 Kh7 42. Qd6 Rf6 43. Qd7 Rg6 44. Rd2 Rxg2+ 45. Kh1 Qf1# {
kokomo checkmated} 0-1

[Event "ICS rated blitz match"]
[Site "204.178.125.65"]
[Date "2000.10.12"]
[Round "?"]
[White "Hossa"]
[Black "Irishspringer"]
[Result "1-0"]
[WhiteElo "2526"]
[BlackElo "1935"]
[PlyCount "69"]
[EventDate "2000.??.??"]

1. e4 c5 2. Nf3 Nc6 3. Bb5 g6 4. O-O Bg7 5. Bxc6 dxc6 6. d3 Bg4 7. h3 Bxf3 8.
Qxf3 Nf6 9. Nc3 O-O 10. Re1 e5 11. Bg5 Qd6 12. Qe3 Rfe8 13. Bh6 Bh8 14. a4 b6
15. a5 b5 16. a6 Qd4 17. Qc1 Nd7 18. Rd1 Qd6 19. Qg5 Bf6 20. Qg4 Rab8 21. Ne2
Rb6 22. Ra5 Nb8 23. Rda1 Qe7 24. Ng3 Qe6 25. Nf5 Kh8 26. Ne3 Qxg4 27. Nxg4 Bg7
28. Be3 h5 29. Bxc5 hxg4 30. Bxb6 Re7 31. hxg4 Rd7 32. Bc5 Bf6 33. Kh2 Bd8 34.
R5a3 Bc7 35. Bxa7 {Irishspringer resigns} 1-0

[Event "ICS rated blitz match"]
[Site "204.178.125.65"]
[Date "2000.10.12"]
[Round "?"]
[White "QueenMaxima"]
[Black "Hossa"]
[Result "1/2-1/2"]
[WhiteElo "2551"]
[BlackElo "2527"]
[PlyCount "200"]
[EventDate "2000.??.??"]

1. e3 e5 2. b3 Nf6 3. Bb2 Nc6 4. Bb5 e4 5. Ne2 a6 6. Bxc6 dxc6 7. Bxf6 Qxf6 8.
Nbc3 Qh4 9. Ng3 f5 10. O-O Bd6 11. d3 exd3 12. Qxd3 Be6 13. Nce2 c5 14. Nf4
Bxf4 15. exf4 Qxf4 16. Rae1 Kf7 17. Qc3 Rhd8 18. Qxc5 Rd2 19. Qc3 Re8 20. Re3
Qd6 21. Rfe1 g6 22. Nf1 Rd5 23. a4 Qc5 24. Qb2 Rdd8 25. c4 f4 26. Re5 Qd4 27.
Qa3 Qc3 28. Qc5 Rd7 29. R5e4 Qf6 30. Qb4 b6 31. a5 f3 32. g3 Qd8 33. Rf4+ Kg8
34. Rxf3 Bh3 35. Ne3 Rd2 36. Rf4 g5 37. Rf3 Qa8 38. Qxd2 Qxf3 39. axb6 cxb6 40.
Ra1 a5 41. Qd5+ Qxd5 42. cxd5 Rf8 43. Rc1 Ra8 44. Rc4 h5 45. f4 b5 46. Rc5 gxf4
47. gxf4 a4 48. bxa4 bxa4 49. Nc2 Kf7 50. Kf2 Ke7 51. Rc3 Bd7 52. Kf3 Kd6 53.
Ne3 Bb5 54. Ke4 a3 55. Nf5+ Kd7 56. Rc1 Re8+ 57. Kd4 Rf8 58. Ke5 Re8+ 59. Kf6
Rf8+ 60. Ke5 Re8+ 61. Kd4 Rf8 62. Ke4 Re8+ 63. Kf3 Be2+ 64. Kf2 a2 65. Ra1 Bd3
66. Ne3 Ra8 67. Kf3 Kd6 68. h3 Bg6 69. f5 Bf7 70. Kf4 Bxd5 71. Nxd5 Kxd5 72.
Kg5 Kd4 73. f6 Ra7 74. Kxh5 Ke5 75. Kg5 Ra3 76. f7 Rf3 77. Kg6 Ke6 78. Re1+ Kd6
79. h4 Rg3+ 80. Kh7 Rf3 81. Kg8 Rg3+ 82. Kh8 Rf3 83. Ra1 Ke7 84. Rxa2 Rxf7 85.
h5 Kf6 86. Ra6+ Kg5 87. h6 Re7 88. h7 Rd7 89. Re6 Kf5 90. Rc6 Kg5 91. Rc4 Kh6
92. Rh4+ Kg6 93. Rg4+ Kh6 94. Rg2 Rxh7+ 95. Kg8 Re7 96. Rh2+ Kg6 97. Rg2+ Kh6
98. Rh2+ Kg6 99. Rg2+ Kh6 100. Rh2+ Kg6 {Game drawn by repetition} 1/2-1/2

[Event "ICS rated blitz match"]
[Site "204.178.125.65"]
[Date "2000.10.12"]
[Round "?"]
[White "Hossa"]
[Black "sekere"]
[Result "1-0"]
[WhiteElo "2528"]
[BlackElo "2196"]
[PlyCount "51"]
[EventDate "2000.??.??"]

1. e4 c5 2. Nf3 d6 3. d4 cxd4 4. Nxd4 Nf6 5. Nc3 a6 6. Bg5 e6 7. f4 Be7 8. Qf3
h6 9. Bh4 g5 10. fxg5 Nfd7 11. Nxe6 fxe6 12. Qh5+ Kf8 13. Bb5 Rh7 14. O-O+ Kg8
15. g6 Rg7 16. Rf7 Bxh4 17. Qxh6 Qf6 18. Rxf6 Bxf6 19. Be2 Ne5 20. Bh5 Nbc6 21.
Rf1 Be7 22. Na4 Bd7 23. Nb6 Rf8 24. Rf7 Bf6 25. Rxg7+ Bxg7 26. Qh7# {
sekere checkmated} 1-0

[Event "ICS rated blitz match"]
[Site "204.178.125.65"]
[Date "2000.10.12"]
[Round "?"]
[White "sekere"]
[Black "Hossa"]
[Result "0-1"]
[WhiteElo "2192"]
[BlackElo "2532"]
[PlyCount "33"]
[EventDate "2000.??.??"]

1. e4 c5 2. Nf3 e6 3. d4 cxd4 4. Nxd4 Nf6 5. Nc3 d6 6. Be3 Nc6 7. Qd2 Ng4 8.
O-O-O Nxe3 9. Qxe3 Be7 10. f4 O-O 11. Kb1 Qb6 12. Na4 Qa5 13. Nc3 Nxd4 14. Qxd4
Bd7 15. e5 d5 16. Bd3 Bc5 17. b4 {sekere resigns} 0-1

[Event "ICS rated blitz match"]
[Site "204.178.125.65"]
[Date "2000.10.12"]
[Round "?"]
[White "Hossa"]
[Black "sekere"]
[Result "0-1"]
[WhiteElo "2536"]
[BlackElo "2188"]
[PlyCount "132"]
[EventDate "2000.??.??"]

1. e4 c5 2. c3 d5 3. exd5 Qxd5 4. d4 Nf6 5. Nf3 Bg4 6. Be2 e6 7. h3 Bh5 8. O-O
Nc6 9. Be3 cxd4 10. cxd4 Bb4 11. a3 Ba5 12. Nc3 Qd8 13. b4 Bb6 14. Na4 Nd5 15.
b5 Nce7 16. Rc1 O-O 17. Nxb6 Qxb6 18. Ne5 Bxe2 19. Qxe2 Qd6 20. Nc4 Qd7 21. a4
Rfc8 22. Ne5 Qd6 23. Qh5 Rf8 24. Nc4 Qd7 25. Rfe1 Ng6 26. Bg5 Rfc8 27. Qf3 Rc7
28. Ne5 Rxc1 29. Rxc1 Nxe5 30. dxe5 Rc8 31. Qd3 Rxc1+ 32. Bxc1 Qc7 33. Bb2 Qc5
34. Qd4 Qxd4 35. Bxd4 a6 36. b6 Kf8 37. h4 Ke8 38. h5 g6 39. hxg6 hxg6 40. a5
Kd7 41. f3 Kc6 42. Bf2 Kb5 43. Be1 Nb4 44. Kf1 Kxa5 45. g3 Kb5 46. Bxb4 Kxb4
47. Ke2 Kc5 48. Kd2 Kxb6 49. Kc3 Kc5 50. Kb2 b5 51. Kc2 a5 52. Kd3 b4 53. Kc2
a4 54. Kb2 Kc4 55. f4 Kd3 56. g4 Ke3 57. f5 gxf5 58. gxf5 exf5 59. Kc2 f4 60.
Kc1 f3 61. Kb2 f2 62. Kc2 f1=Q 63. Kb2 Qe2+ 64. Kb1 b3 65. e6 Qc2+ 66. Ka1 Qa2#
{Hossa checkmated} 0-1

[Event "ICS Rated standard match"]
[Site "204.178.125.65"]
[Date "2000.10.12"]
[Round "?"]
[White "Hossa"]
[Black "B53"]
[Result "1-0"]
[WhiteElo "2377"]
[BlackElo "1906"]
[PlyCount "37"]
[EventDate "2000.??.??"]

1. e4 d6 2. d4 Nf6 3. Nc3 g6 4. f4 Bg7 5. Nf3 c5 6. Bb5+ Bd7 7. e5 Ng4 8. e6
Bxb5 9. exf7+ Kd7 10. Nxb5 Qa5+ 11. Nc3 cxd4 12. Nxd4 h5 13. h3 Nc6 14. Nde2
Nh6 15. Be3 Nf5 16. Bf2 Raf8 17. a3 Nd8 18. b4 Qb6 19. Bxb6 {B53 resigns} 1-0

[Event "ICS rated standard match"]
[Site "204.178.125.65"]
[Date "2000.10.12"]
[Round "?"]
[White "B53"]
[Black "Hossa"]
[Result "0-1"]
[WhiteElo "1904"]
[BlackElo "2379"]
[PlyCount "28"]
[EventDate "2000.??.??"]

1. e4 e5 2. f4 exf4 3. Nf3 g5 4. d4 g4 5. Bxf4 gxf3 6. Qxf3 Nc6 7. d5 Qf6 8.
dxc6 Qxb2 9. Qc3 Bb4 10. cxd7+ Bxd7 11. Bd2 Bxc3 12. Bxc3 Qc1+ 13. Kf2 Qf4+ 14.
Kg1 Qe3# {B53 checkmated} 0-1

[Event "ICS rated blitz match"]
[Site "204.178.125.65"]
[Date "2000.10.12"]
[Round "?"]
[White "Hossa"]
[Black "Fischerov"]
[Result "1-0"]
[WhiteElo "2508"]
[BlackElo "1916"]
[PlyCount "85"]
[EventDate "2000.??.??"]

1. e4 e6 2. d4 d5 3. Nc3 Nf6 4. Bg5 Be7 5. e5 Nfd7 6. Bxe7 Qxe7 7. f4 O-O 8.
Nf3 f6 9. Bd3 c5 10. Nb5 Nc6 11. c3 a6 12. Nc7 Rb8 13. Qc2 f5 14. Be2 cxd4 15.
cxd4 Ndxe5 16. Nxe5 Qxc7 17. Qc3 Bd7 18. Rc1 Rbc8 19. O-O Qd6 20. Qe3 Nxe5 21.
fxe5 Qe7 22. Rc3 Qb4 23. Rb3 Qa4 24. Rxb7 Bc6 25. Rb6 Qxa2 26. Bxa6 Rc7 27. Rc1
Qa4 28. b3 Qa3 29. Rbxc6 Rxc6 30. Rxc6 Qa1+ 31. Bf1 Qb2 32. Rxe6 f4 33. Qd3 f3
34. gxf3 Qc1 35. Rd6 Qg5+ 36. Kh1 Qh5 37. Rxd5 Rxf3 38. Rd8+ Rf8 39. Qc4+ Qf7
40. Bh3 Qxc4 41. Rxf8+ Kxf8 42. bxc4 Ke7 43. d5 {Fischerov resigns} 1-0

[Event "ICS rated blitz match"]
[Site "204.178.125.65"]
[Date "2000.10.12"]
[Round "?"]
[White "Hossa"]
[Black "WitPaard"]
[Result "1-0"]
[WhiteElo "2504"]
[BlackElo "2230"]
[PlyCount "45"]
[EventDate "2000.??.??"]

1. d4 f5 2. c4 Nf6 3. g3 g6 4. Bg2 Bg7 5. Nf3 O-O 6. O-O d6 7. Nc3 c6 8. Qb3
Kh8 9. c5 Na6 10. cxd6 exd6 11. Bf4 Qe7 12. a3 Be6 13. Qc2 h6 14. Nh4 Kh7 15.
b3 Rad8 16. Nf3 g5 17. Bd2 Qf7 18. Bxg5 Qg6 19. Bf4 Ne4 20. Nxe4 fxe4 21. Nh4
Qh5 22. Bxe4+ Kg8 23. Bh7+ {WitPaard resigns} 1-0

[Event "ICS rated blitz match"]
[Site "204.178.125.65"]
[Date "2000.10.12"]
[Round "?"]
[White "Hossa"]
[Black "BvdDonk"]
[Result "1-0"]
[WhiteElo "2509"]
[BlackElo "1906"]
[PlyCount "39"]
[EventDate "2000.??.??"]

1. e4 c5 2. Nf3 Nc6 3. d4 cxd4 4. Nxd4 g6 5. Nc3 Bg7 6. Be3 Nxd4 7. Bxd4 Bxd4
8. Qxd4 f6 9. f3 Qb6 10. Qxb6 axb6 11. Nd5 Kd8 12. Nxb6 Rb8 13. O-O-O e6 14.
Nxd7 Bxd7 15. Bb5 Kc7 16. Rxd7+ Kb6 17. Bc4 e5 18. Rhd1 Nh6 19. R7d6+ Ka7 20.
Rxf6 {BvdDonk resigns} 1-0

[Event "ICS rated blitz match"]
[Site "204.178.125.65"]
[Date "2000.10.12"]
[Round "?"]
[White "QueenMaxima"]
[Black "Hossa"]
[Result "1-0"]
[WhiteElo "2551"]
[BlackElo "2510"]
[PlyCount "111"]
[EventDate "2000.??.??"]

1. e3 e5 2. b3 Nf6 3. Bb2 Nc6 4. Bb5 e4 5. Ne2 a6 6. Bxc6 dxc6 7. Bxf6 Qxf6 8.
Nbc3 Qh4 9. Ng3 f5 10. O-O Bd6 11. d3 exd3 12. cxd3 O-O 13. Nce2 f4 14. exf4
Bg4 15. f3 Be6 16. Kh1 Bxf4 17. Nxf4 Qxf4 18. Re1 Rae8 19. Re4 Qf6 20. Rc1 Bd5
21. Rb4 b6 22. Rg4 Re7 23. Ne4 Qd4 24. Qd2 Be6 25. Rh4 Rd8 26. Qe1 Qe5 27. Rxh7
Qb2 28. Rd1 Ree8 29. Qh4 Bf5 30. Rh8+ Kf7 31. Ng5+ Ke7 32. Rxe8+ Rxe8 33. Qf4
Bd7 34. Qxc7 Qd4 35. f4 Qf2 36. Nf3 Rc8 37. Qe5+ Kd8 38. Ng5 Rc7 39. Qxg7 Kc8
40. Ne4 Qxf4 41. Qd4 Kd8 42. Qxb6 Bc8 43. Re1 Qh4 44. Qa5 Bf5 45. Nd6 Bg6 46.
Nb7+ Kc8 47. Nc5 Rh7 48. Qxa6+ Kb8 49. Qb6+ Ka8 50. Qxc6+ Kb8 51. Na6+ Ka7 52.
Qc5+ Kxa6 53. Re6+ Kb7 54. Rb6+ Ka8 55. Qc8+ Ka7 56. Ra6# {Hossa checkmated}
1-0

[Event "ICS rated blitz match"]
[Site "204.178.125.65"]
[Date "2000.10.12"]
[Round "?"]
[White "Hossa"]
[Black "QueenMaxima"]
[Result "1-0"]
[WhiteElo "2496"]
[BlackElo "2565"]
[PlyCount "143"]
[EventDate "2000.??.??"]

1. e4 c5 2. Nf3 e6 3. d4 cxd4 4. Nxd4 Nc6 5. Nc3 Qc7 6. Be3 Nf6 7. Bd3 a6 8.
Nxc6 bxc6 9. Na4 c5 10. f3 c4 11. Be2 d5 12. Nb6 Rb8 13. Nxc8 Rxc8 14. c3 dxe4
15. Qa4+ Qc6 16. Qxc6+ Rxc6 17. Bd1 Rd6 18. Ba4+ Kd8 19. Kf2 exf3 20. gxf3 Rd3
21. Bc2 Rd5 22. Rad1 Bd6 23. Bd4 Ke7 24. b3 Ra5 25. Ra1 Rh5 26. bxc4 Rb8 27.
Rab1 Rxh2+ 28. Rxh2 Bxh2 29. Rxb8 Bxb8 30. Bd3 Nh5 31. c5 a5 32. c6 Kd6 33.
Bxh7 g6 34. Bg8 f5 35. Bb6 Nf4 36. Bxa5 Kxc6 37. a4 Kd5 38. Ke3 g5 39. Bd8 Ba7+
40. Kd2 Nh3 41. Bf7 Ng1 42. Bh5 g4 43. fxg4 f4 44. g5 f3 45. Ke1 f2+ 46. Kf1
Bb8 47. Bf6 Be5 48. Bxe5 Kxe5 49. Bg4 Kd6 50. g6 Ke7 51. g7 Kf7 52. g8=Q+ Kxg8
53. Bxe6+ Kg7 54. Kxf2 Kf6 55. Kxg1 Kxe6 56. c4 Kd6 57. a5 Kc6 58. Kf2 Kc5 59.
Ke3 Kc6 60. Kd4 Kc7 61. c5 Kb7 62. Kd5 Ka7 63. c6 Ka6 64. Kc5 Ka7 65. Kd6 Ka8
66. c7 Kb7 67. a6+ Kb6 68. a7 Kb5 69. c8=R Kb4 70. a8=Q Kb3 71. Qb7+ Ka4 72.
Ra8# {QueenMaxima checkmated} 1-0

[Event "ICS rated blitz match"]
[Site "204.178.125.65"]
[Date "2000.10.12"]
[Round "?"]
[White "QueenMaxima"]
[Black "Hossa"]
[Result "0-1"]
[WhiteElo "2546"]
[BlackElo "2515"]
[PlyCount "90"]
[EventDate "2000.??.??"]

1. e3 g6 2. d4 Bg7 3. Nc3 d5 4. Nf3 Nf6 5. Bd3 O-O 6. O-O Nc6 7. b3 Nb4 8. Ba3
a5 9. Qd2 Bg4 10. Ne5 Bh5 11. f3 Nxd3 12. Qxd3 g5 13. Qb5 Rb8 14. Qxa5 Ra8 15.
Qc5 Re8 16. Bb4 c6 17. a4 Bg6 18. Nxg6 hxg6 19. Ne2 g4 20. Ba3 gxf3 21. Rxf3
Ne4 22. Qb4 Qc7 23. Raf1 b6 24. c4 Bf6 25. cxd5 cxd5 26. Rc1 Qb7 27. Rff1 Bg5
28. Rf3 Bf6 29. Nc3 Rac8 30. Kh1 Qc6 31. Na2 Qe6 32. Qe1 Qg4 33. Rf4 Qh5 34.
Kg1 Bg5 35. Rf3 Bh4 36. Qb4 Rxc1+ 37. Nxc1 Rc8 38. Nd3 Ng5 39. Rf1 Qe2 40. Nf2
Rc2 41. g3 Qf3 42. Qd2 Rxd2 43. h3 Bxg3 44. h4 Nh3+ 45. Nxh3 Qg2# {
QueenMaxima checkmated} 0-1

[Event "ICS rated blitz match"]
[Site "204.178.125.65"]
[Date "2000.10.12"]
[Round "?"]
[White "Colorado"]
[Black "Hossa"]
[Result "1-0"]
[WhiteElo "2654"]
[BlackElo "2532"]
[PlyCount "93"]
[EventDate "2000.??.??"]

1. d4 e6 2. c4 Nf6 3. Nc3 Bb4 4. Qc2 Nc6 5. Nf3 d5 6. e3 dxc4 7. Bxc4 O-O 8.
O-O Be7 9. Ne5 Nb4 10. Qd2 Nbd5 11. f3 c5 12. Rd1 cxd4 13. exd4 Nb6 14. Bb3
Nfd5 15. Qd3 Nb4 16. Qe4 a5 17. a4 Bh4 18. Bd2 Qe7 19. Rac1 Rd8 20. Nb5 N6d5
21. Rc4 Bg5 22. f4 Bh4 23. Rdc1 Bd7 24. Nc7 Rab8 25. Nxd7 Qxd7 26. f5 Nxc7 27.
Rxc7 Qxd4+ 28. Qxd4 Rxd4 29. Bc3 Bf2+ 30. Kh1 Nd3 31. Rf1 Rd6 32. fxe6 Bd4 33.
Rcxf7 Nf2+ 34. R7xf2 Bxf2 35. e7+ Kh8 36. Rxf2 Rdd8 37. exd8=Q+ Rxd8 38. Rf7 h5
39. Bxg7+ Kh7 40. Bf6+ Kg6 41. Bxd8 b5 42. axb5 a4 43. Bd5 a3 44. bxa3 h4 45.
h3 Kh6 46. Be4 Kh5 47. Rh7# {Hossa checkmated} 1-0

[Event "ICS rated blitz match"]
[Site "204.178.125.65"]
[Date "2000.10.12"]
[Round "?"]
[White "Hossa"]
[Black "Colorado"]
[Result "0-1"]
[WhiteElo "2521"]
[BlackElo "2667"]
[PlyCount "130"]
[EventDate "2000.??.??"]

1. e4 e5 2. Nf3 Nc6 3. d4 exd4 4. Nxd4 Bc5 5. Be3 Qf6 6. c3 Nge7 7. Bc4 O-O 8.
O-O Bb6 9. Na3 Nxd4 10. cxd4 d5 11. exd5 Rd8 12. Qh5 h6 13. Nb5 Bd7 14. d6 cxd6
15. Nc3 Rac8 16. Bd5 Rc7 17. Bb3 Rdc8 18. Rfe1 Re8 19. a4 Qf5 20. Qd1 Rcc8 21.
a5 Bc7 22. d5 a6 23. Bc2 Qf6 24. Be4 Nf5 25. Qf3 Bd8 26. Qg4 Re7 27. Qf4 Nxe3
28. Qxf6 gxf6 29. Rxe3 f5 30. Rg3+ Kf8 31. Bd3 Rc5 32. Rh3 Bxa5 33. Rxh6 Bxc3
34. bxc3 Rxd5 35. Rh8+ Kg7 36. Rh3 Rc5 37. Rc1 f6 38. Rf3 a5 39. h4 a4 40. Rg3+
Kh6 41. Rg8 Rd5 42. Bc4 Rd2 43. Rb1 d5 44. Bf1 Bc6 45. g3 f4 46. gxf4 d4 47.
cxd4 Rxd4 48. Bg2 Rxf4 49. Bxc6 bxc6 50. Rb6 Re2 51. Rxc6 a3 52. Rh8+ Kg7 53.
Ra8 a2 54. Rca6 Rfxf2 55. h5 Rc2 56. R6a7+ Kh6 57. Rh8+ Kg5 58. Rg8+ Kh4 59.
Rh8 Rg2+ 60. Kf1 Kh3 61. Rc8 Rxc8 62. Ra3+ Kh2 63. Re3 a1=Q+ 64. Re1 Rc1 65.
Rxc1 Qxc1# {Hossa checkmated} 0-1

[Event "ICS rated blitz match"]
[Site "204.178.125.65"]
[Date "2000.10.12"]
[Round "?"]
[White "Colorado"]
[Black "Hossa"]
[Result "1-0"]
[WhiteElo "2679"]
[BlackElo "2511"]
[PlyCount "91"]
[EventDate "2000.??.??"]

1. e4 e5 2. Nf3 Nc6 3. Bb5 a6 4. Ba4 Nf6 5. O-O Be7 6. Re1 b5 7. Bb3 d6 8. c3
O-O 9. h3 Bb7 10. d4 Re8 11. Nbd2 Bf8 12. a4 h6 13. Bc2 exd4 14. cxd4 Nb4 15.
Bb1 c5 16. d5 Nd7 17. Nf1 bxa4 18. Rxa4 Nb6 19. Ra1 f5 20. exf5 Rxe1 21. Nxe1
Bxd5 22. Nd3 Nxd3 23. Bxd3 c4 24. Be2 Bf7 25. Bf3 d5 26. Be3 Nc8 27. Bd4 Qd6
28. Ne3 Rb8 29. Ng4 Rb3 30. Qe2 Ne7 31. Be5 Qb6 32. Rd1 Nc6 33. Bxd5 Bxd5 34.
Rxd5 Nxe5 35. Rxe5 Qb4 36. Re8 Rxb2 37. Qe6+ Kh8 38. f6 Rb1+ 39. Kh2 Kh7 40.
Qf5+ Kg8 41. Nxh6+ Kh8 42. fxg7+ Kxg7 43. Qf7+ Kxh6 44. Re6+ Kg5 45. Re5+ Kh4
46. g3# {Hossa checkmated} 1-0

[Event "ICS rated blitz match"]
[Site "204.178.125.65"]
[Date "2000.10.12"]
[Round "?"]
[White "Hossa"]
[Black "Esob"]
[Result "1-0"]
[WhiteElo "2497"]
[BlackElo "2263"]
[PlyCount "53"]
[EventDate "2000.??.??"]

1. e4 e5 2. Nf3 Nc6 3. Nc3 Nf6 4. d4 exd4 5. Nxd4 Bb4 6. Nxc6 bxc6 7. Bd3 d5 8.
exd5 cxd5 9. O-O O-O 10. Bg5 c6 11. Qf3 h6 12. Bxf6 Qxf6 13. Qxf6 gxf6 14. Ne2
Rb8 15. Nd4 Bc5 16. Nxc6 Rxb2 17. Rfb1 Rxb1+ 18. Rxb1 Re8 19. Kf1 Bd7 20. Nxa7
Bxa7 21. Rb7 Bxf2 22. Rxd7 Bh4 23. g3 Bg5 24. Rxd5 Rb8 25. a4 Rb2 26. a5 Ra2
27. a6 {Esob resigns} 1-0

[Event "ICS rated blitz match"]
[Site "204.178.125.65"]
[Date "2000.10.12"]
[Round "?"]
[White "Enfatico"]
[Black "Hossa"]
[Result "1/2-1/2"]
[WhiteElo "2242"]
[BlackElo "2504"]
[PlyCount "121"]
[EventDate "2000.??.??"]

1. e4 e5 2. Nf3 Nc6 3. Bb5 a6 4. Bxc6 dxc6 5. O-O Bg4 6. h3 h5 7. d3 Qf6 8. Be3
Bxf3 9. Qxf3 Qxf3 10. gxf3 Nf6 11. f4 exf4 12. Bxf4 O-O-O 13. Bg5 Re8 14. Bxf6
gxf6 15. Kg2 f5 16. Kf3 fxe4+ 17. dxe4 Rd8 18. Ke2 Bg7 19. c3 Rhe8 20. Nd2 f5
21. f3 Bh6 22. Rad1 Bxd2 23. Rxd2 Rxd2+ 24. Kxd2 fxe4 25. f4 Rd8+ 26. Ke3 Rd3+
27. Kxe4 Rxh3 28. Ke5 Rh2 29. Ke6 Rxb2 30. Ke7 Rxa2 31. f5 Re2+ 32. Kf8 Re3 33.
f6 Rxc3 34. f7 Rd3 35. Kg7 Rd7 36. Kh6 Rxf7 37. Rxf7 h4 38. Kg5 b6 39. Kf5 Kb7
40. Ke5 b5 41. Kd4 Kb6 42. Rf6 a5 43. Rh6 a4 44. Kc3 a3 45. Rxh4 c5 46. Kb3 b4
47. Rc4 Kb5 48. Rc1 c6 49. Rc4 a2 50. Rc1 a1=Q 51. Rxa1 c4+ 52. Kb2 c3+ 53. Kb3
c5 54. Rh1 c4+ 55. Kc2 Kc6 56. Rh5 Kb6 57. Rg5 Kc6 58. Rh5 Kb6 59. Rg5 Kc6 60.
Rh5 Kb6 61. Rg5 {Game drawn by repetition} 1/2-1/2